Cez Duklu prišlo slnko slobody literárne pásmo k 35. výročiu Karpatsko-duklianskej operácie

Bibliographic Details
Main Author: Jacečková, Darina (Author)
Format: Book
Language:Slovak
PhysicalDescription:13 s. 29 cm
Published: Humenné Okresná knižnica 1979
Subjects:

MARC

LEADER 00000cam a2200000 a 4500
001 vtls010077842
003 SK-MaSNL
005 20260302044617.0
008 250313s1979 xo g 000 p slos
035 |a EE2E198F-19E0-4BFA-A66D-E8B39B5D2759 
035 |a urn:nbn:sk:snk-amjwr3 
035 |a urn:nbn:sk:snk-am00811d 
040 |a SNK  |b slo  |c SNK  |e AACR2 
041 0 |a slo 
044 |a xo  |c SK 
080 |a 355.483(437.6)"1944"  |2 1981 
080 |a (041)  |2 1981 
100 1 |a Jacečková, Darina  |4 aut  |9 700624 
245 1 0 |a Cez Duklu prišlo slnko slobody  |b literárne pásmo k 35. výročiu Karpatsko-duklianskej operácie  |c Darina Jacečková 
260 |a Humenné  |b Okresná knižnica  |c 1979 
300 |a 13 s.  |c 29 cm 
650 0 7 |a bitka o Dukliansky priesmyk (1944 : Dukliansky priesmyk, Poľsko a Slovensko)  |2 SNKPH  |9 80028 
650 0 7 |a literárne pásma  |2 SNKPH  |9 279161 
655 7 |a brožúry  |2 SNKPH  |9 70146 
852 |a Slovenská národná knižnica 
958 |a OND 
999 |c 1090344  |d 1092274 
952 |a SNK  |b SNK  |y PREZ  |7 0  |p 17A0998304  |o snkSB 30221  |i snkKSP 5873/80  |0 0  |1 0  |4 0  |d 2014-10-14  |f 1  |l 0  |r 2025-04-03 00:00:00  |w 2026-02-24 
952 |a SNK  |b SNK  |y VYP  |7 0  |o snkSB 30221 D1  |i snkKSP 5874/80  |0 0  |1 0  |4 0  |d 2014-10-14  |l 0  |r 2026-02-24 16:55:11  |w 2026-02-24